Giannuzzi, el intimista.

Gespeichert in:
Bibliographische Detailangaben
1. Verfasser: Chejfec, Sergio (autor)
Format: Unbekannt
Veröffentlicht: Viña del Mar, Chile: Mundana Ediciones, 2022.
Schlagworte:
Tags: Tag hinzufügen
Keine Tags, Fügen Sie den ersten Tag hinzu!

MARC

LEADER 00000 a2200000 4500
003 CL-VaPUC
005 20250120085811.0
008 221011t2022 ||||| |||| 00| 0 eng d
999 |c 439043  |d 439041 
020 |a 978-956-6202-01-1 
040 |c Pontificia Universidad Católica de Valparaíso 
082 7 |a Ar864 CHE 2022  |2 22 
100 |a Chejfec, Sergio  |9 877295  |e autor 
245 |a Giannuzzi, el intimista. 
260 |a Viña del Mar, Chile:  |b Mundana Ediciones,  |c 2022. 
583 |k Catalogador Asistente  |c 20221011 
600 |a Giannuzzi, Joaquín O  |x Crítica e interpretación   |9 877523 
650 0 |a Ensayos argentinos  |9 269128 
942 |2 ddc  |c BK 
952 |0 0  |1 0  |2 ddc  |4 0  |6 AR_864_000000000000000_CHE_2022  |7 0  |8 A  |9 587133  |a BIBART  |b BIBART  |d 2022-10-07  |e 135  |g 12000.00  |i 5655063  |o Ar864 CHE 2022  |p 5655063  |r 2025-03-13  |t 1  |v 12000.00  |w 2022-10-07  |y BK  |k ART